Sports Quiz

Random Sports or College Quiz

College Football Rivalry Trophies Quiz Stats

 Plays Quiz not verified by Sporcle

Score 0/25 Timer 08:00
0 Plays Today
The Rivalry What is awarded to the winner % Correct
TCU vs SMUIron Skillet
57.1%
Stanford vs CalStanford Axe
42.9%
Iowa State vs MissouriTelephone Trophy
38.1%
Virginia Tech vs West VirginiaBlack Diamond Trophy
33.3%
Utah vs BYU vs Utah St vs Weber StateBeehive Boot
33.3%
Air Force vs Colorado StateRam-Falcon Trophy
28.6%
Illinois vs PurduePurdue Cannon
23.8%
Bowling Green vs ToledoPeace Pipe
23.8%
Arizona vs Arizona StateTerritorial Cup
19%
Indiana vs Michigan StateOld Brass Spittoon
19%
Houston vs RiceBayou Bucket
14.3%
Ole Miss vs Mississippi StateGolden Egg Trophy
14.3%
Clemson vs South CarolinaHardee's Trophy
9.5%
The Rivalry What is awarded to the winner % Correct
LSU vs Ole MissMagnolia Bowl Trophy
9.5%
Montana vs IdahoLittle Brown Stein
9.5%
Oklahoma vs MissouriTiger-Sooner Peace Pipe
9.5%
Clemson vs NC StateTextile Bowl Trophy
9.5%
Arizona vs New MexicoKit Carson Rifle Trophy
4.8%
Maryland vs VirginiaTydings Trophy
4.8%
Texas vs Texas TechChancellor's Spurs Trophy
4.8%
Troy vs Middle Tennessee StPalladium Trophy
4.8%
Hawaii vs Fresno StateGolden Screwdriver
4.8%
Central vs Eastern vs Western MichiganMichigan MAC Trophy
4.8%
UNLV vs NevadaFreemont Cannon
4.8%
Akron vs Youngstown StateSteel Tire
4.8%

You're not logged in!

Compare scores with friends on all Sporcle quizzes.
OR
Log In

Show Comments

Extras

Top Quizzes Today


Score Distribution

Your Account Isn't Verified!

In order to create a playlist on Sporcle, you need to verify the email address you used during registration. Go to your Sporcle Settings to finish the process.

Report this User

Report this user for behavior that violates our Community Guidelines.

Details: